| 000 | 00831nam a2200277Ia 4500 | ||
|---|---|---|---|
| 001 | Para_8297 | ||
| 003 | CHAP | ||
| 008 | 220125s9999 xx 000 0 und d | ||
| 010 | _a205782 | ||
| 040 | _cCHAP | ||
| 082 | _aPA-C 595.752 A6 | ||
| 100 |
_aAinslie, George G. _93132 |
||
| 245 |
_aA new aphid from florida / _c by George G. Ainslie |
||
| 300 | _a4 p. | ||
| 440 |
_aAphidae; 9 _9171887 |
||
| 500 | _aSobretiro de: The Canadian entomologist 47 (3): 85-88, 1915. Encuadernado con otros impresos similares | ||
| 650 |
_aAfididos _x Colecciones de escritos _91032 |
||
| 650 |
_aCarolinaĆa _x Afididos _x Florida _9171898 |
||
| 901 | _aPA-C 595.752 A6 | ||
| 902 | _aM | ||
| 905 | _a000000 0000000000 00 | ||
| 910 | _a | ||
| 942 | _cPARA | ||
| 942 |
_cPARA _d1 |
||
| 999 |
_c205782 _d205782 |
||